Statystyki dla Podział administracyjny I RP

Kliknij tutaj aby rozwiązać quiz!

Ogólne statystyki

  • Ten quiz został rozwiązany 15 razy
    (11 od ostatniego zresetowania)
  • Średni wynik to 24 z 198

Statystyki odpowiedzi

TypOznaczenieOdpowiedź% Poprawnych
RzekiaWisła
80%
oBug
60%
dDniepr
60%
bNiemen
60%
jPrypeć
60%
kSan
60%
gWarta
60%
cDźwina
40%
AIKijowskie
40%
NKrakowskie
40%
BMalborskie
40%
MMazowieckie
40%
TerytoriaAPomorskie
40%
EPoznańskie
40%
APPrusy Książęce
40%
AMRuskie
40%
UWileńskie
40%
ALWołyńskie
40%
45Bełz
20%
mBerezyna
20%
31Bracław
20%
AJBracławskie
20%
86Brześć Kujawski
20%
48Brześć Litewski
20%
HBrzeskokujawskie
20%
AGBrzeskolitewskie
20%
43Chełm
20%
DChełmińskie
20%
23Czernihów
20%
AHCzernihowskie
20%
fDniestr
20%
ZDorpackie
20%
Miasta1Dorpat
20%
50Drohiczyn
20%
5Dyneburg
20%
100Gdańsk
20%
90Gniezno
20%
W2Inflanckie
20%
GInowrocławskie
20%
FKaliskie
20%
87Kalisz
20%
34Kamieniec Podolski
20%
66Kielce
20%
27Kijów
20%
10Kowno
20%
75Kraków
20%
ARKsięstwo Kurlandii i Semigalii
20%
ATKsięstwo Siewierskie
20%
CKsięstwo Warmińskie
20%
TKsięstwo Żmudzkie
20%
81Łęczyca
20%
KŁęczyckie
20%
PLubelskie
20%
53Lublin
20%
39Lwów
20%
104Malbork
20%
AEMińskie
20%
21,5Mścisław
20%
ADMścisławskie
20%
iNarew
20%
AFNowogródzkie
20%
105Olsztyn
20%
YParnawskie
20%
78Piotrków
20%
85Płock
20%
IPłockie
20%
RPodlaskie
20%
AKPodolskie
20%
15Połock
20%
AAPołockie
20%
AUPowiat Piltyński
20%
92Poznań
20%
41Przemyśl
20%
82Rawa
20%
JRawskie
20%
4Ryga
20%
42Rzeszów
20%
OSandomierskie
20%
67Sandomierz
20%
80Sieradz
20%
LSieradzkie
20%
20Smoleńsk
20%
ACSmoleńskie
20%
ASSpisz
20%
69Tarnów
20%
96Toruń
20%
STrockie
20%
11Troki
20%
61Warszawa
20%
W1Wendeńskie
20%
lWilia
20%
14Wilno
20%
16Witebsk
20%
ABWitebskie
20%
AOZiemia lęborsko-bytowska
20%
21Andruszów
0%
33Bar
0%
ANBełskie
0%
49Bielsk
0%
XXIIBielska
0%
eBoh
0%
37Buczacz
0%
95Bydgoszcz
0%
107Bytów
0%
97Chełmno
0%
XVIChełmska
0%
35Chocim
0%
58Ciechanów
0%
VCiechanowska
0%
29Czarnobyl
0%
63Czersk
0%
XCzerska
0%
77Częstochowa
0%
98Człuchów
0%
93Dobrzyń
0%
XVDobrzyńska
0%
XXIVDrohicka
0%
103Elbląg
0%
84Gostynin
0%
13Grodno
0%
26Hadziacz
0%
XXHalicka
0%
38Halicz
0%
44Horodło
0%
94Inowrocław
0%
9Kiejdany
0%
111Kłuszyn
0%
88Konin
0%
109Królewiec
0%
24Kudak
0%
108Lębork
0%
114Lewocza
0%
106Lidzbark
0%
62Liw
0%
IXLiwska
0%
56Łomża
0%
IIŁomżyńska
0%
113Lubowla
0%
46Łuck
0%
52Łuków
0%
XIŁukowska
0%
XIXLwowska
0%
XXIIIMielnicka
0%
51Mielnik
0%
18Mińsk
0%
6Mitawa
0%
112Moskwa
0%
68Nowe Miasto Korczyn
0%
22Nowogródek
0%
70Nowy Sącz
0%
71Nowy Targ
0%
55Nur
0%
IIINurska
0%
36Obertyn
0%
101Oliwa
0%
76Olsztyn
0%
17Orsza
0%
73Oświęcim
0%
2Parnawa
0%
hPilica
0%
7Piltyń
0%
19Polanów
0%
25Połtawa
0%
XVIIIPrzemyska
0%
110Psków
0%
102Puck
0%
65Radom
0%
57Różan
0%
IVRóżańska
0%
XVIISanocka
0%
40Sanok
0%
12Sejny
0%
115Siewierz
0%
99Skarszewy
0%
83Sochaczew
0%
89Środa
0%
64Stężyca
0%
XIIStężycka
0%
32Targowica
0%
VIIIWarszawska
0%
3Wenden
0%
79Wieluń
0%
XIIIWieluńska
0%
30Winnica
0%
ZiemieIWiska
0%
54Wizna
0%
8Wornie
0%
nWorskla
0%
91Wschowa
0%
XIVWschowska
0%
60Wyszogród
0%
VIIWyszogrodzka
0%
59Zakroczym
0%
VIZakroczymska
0%
74Zator
0%
47Zbaraż
0%
28Żytomierz
0%
72Żywiec
0%

Rozkład punktacji

Percentyl według liczby udzielonych odpowiedzi

Procent ludzi z każdym wynikiem

Twoja historia wyników

Nie rozwiązałeś tego quizu od ostatniego zresetowania